Diccionarios

Guardat en:
Dades bibliogràfiques
Autor principal: Lenz, Rodolfo (Autor)
Format: Llibre
Idioma:espanyol
Publicat: Santiago Universidad de Chile 1910
Col·lecció:Theses et Studia Scholastica
Matèries:
Etiquetes: Afegir etiqueta
Sense etiquetes, Sigues el primer a etiquetar aquest registre!

MARC

LEADER 00000nam a2200000 a 4500
001 UCZ6380
003 CL-VaPUC
008 951211e19100000CL |||||||||||||||||spa|d
082 0 4 |a 463  |b LEN  |2 21 
100 |a Lenz, Rodolfo  |e author  |9 477713 
245 1 0 |a Diccionarios 
246 1 0 |a Diccionario etimológico de las voces chilenas derivadas de lenguas indígenas americanas 
300 |a 987 p 
942 |c BK 
945 |d 19951211 00:00:00  |a rleighto 
260 |a Santiago  |b Universidad de Chile  |c 1910 
650 0 |a Diccionarios  |9 256200 
650 0 |a Etimología  |9 337976 
650 0 |a Filología   |9 321245 
651 7 |a CHILE  |2 CL-VaPUC  |9 350649 
583 |a last modification  |c 19951211 00:00:00  |k Rodrigo Vera 
490 0 |a Theses et Studia Scholastica 
999 |c 242588  |d 242586 
952 |0 0  |1 0  |4 0  |6 463_000000000000000_LEN_1910  |7 0  |8 F  |9 255635  |a BIBEDU  |b BIBEDU  |d 2019-11-19  |i 3160262  |o 463 LEN 1910  |p 3160262  |r 2023-01-13  |w 2019-11-19  |y BK_F  |k LIT